| LEADER 00000nama 2200000uu 4500 |
| 001 200799 |
| 003 ULIBM |
| 008 040531s|||| th m m a000 0 tha d |
| 020 974-515-280-3 |
| 041 tha |
| 050 WT104 ก111อ 2550 |
| 100 กระทรวงสาธารณสุข กรมอนามัย สำนักส่งเสริมสุขภาพ. |
| 245 เอกสารวิชาการ ส่งเสริมสุขภาพผู้ชายวัยทอง/สำนักส่งเสริมสุขภาพ กรมอนามัย กระทรวงสาธารณสุข. |
| 250 พิมพ์ครั้งที่ 2. |
| 260 กรุงเทพฯ. ชุมนุมสหกรณ์การเกษตรแห่งประเทศไทย. 2550. |
| 300 192 หน้า. |
| 500 หนังสือบริจาค. |
| 650 1.การส่งเสริมสุขภาพ--ในวัยผู้ใหญ่--ไทย 2.ผู้ชายวัยทอง--สุขภาพและอนามัย 3.วัยทำงาน--สุขภาพและอนามัย. |
| 995 001 |